00824nam a2200193 a 45000010005000000030009000050080041000140200015000550400028000700820017000981000033001152450066001482600044002143000011002585050308002696500012005776500014005896500027006038075CO-ViMGA141112s2004 ck r 000 u spa d a9582600608 aCO-ViMGAbspacCO-ViMGA04a628.44 P743m1 aPrieto Bolivar, Carlos Jaime10aManejo y transformación práctico - económico de basuras aBogotá, cUniversidad Central, c2001 a135.p. aLas basuras o deshechos Control y manejo de basuras sólidas Los abonos y su clasificación Sistemas para producir abono orgánico Deshechos animales y estercoleros Tratamiento de los residuos y residuos urbanos El peligro de la incineración de basuras Otros sistemas para producir abono orgánico14aBASURAS14aDESHECHOS14aTRATAMIENTO INDUSTRIAL